|
|
|
|
| LEADER |
00000cam a2200000 4500 |
| 001 |
vtls011719432 |
| 003 |
SK-MaSNL |
| 005 |
20260301044059.0 |
| 008 |
200205s2017 xo o g fd 001 0 slo |
| 015 |
|
|
|a SNBA2018/05
|
| 020 |
|
|
|a 9788081451867
|q (brožované)
|
| 035 |
|
|
|a urn:nbn:sk:snk-am00d5zg
|
| 035 |
|
|
|a urn:nbn:sk:snk-am3hqty
|
| 035 |
|
|
|a 205984D5-6ABF-4A39-AD66-77D2D3C30E81
|
| 040 |
|
|
|a SNK
|b slo
|c SNK
|e rda
|
| 041 |
0 |
|
|a slo
|a ita
|
| 044 |
|
|
|a xo
|c SK
|
| 072 |
|
7 |
|a 81
|x Lingvistika a jazyky
|2 konspekt
|
| 080 |
|
|
|a 811.131.1
|2 2011
|
| 080 |
|
|
|a 811.162.4
|2 2011
|
| 080 |
|
|
|a (035)
|2 2011
|
| 080 |
|
|
|a 81'24
|2 2011
|
| 245 |
0 |
0 |
|a Taliančina
|b konverzácia
|c vytvoril autorský kolektív pracovníkov Lingea
|
| 246 |
1 |
|
|i Názov na rube titulného listu:
|a Lingea konverzácia EE slovensko-talianska
|
| 250 |
|
|
|a 2. vydanie
|
| 264 |
|
1 |
|a V Bratislave
|b Lingea s.r.o.
|c 2017
|
| 300 |
|
|
|a 192 strán
|b fotografie
|c 14 cm
|
| 336 |
|
|
|a text
|b txt
|2 rdacontent
|
| 337 |
|
|
|a bez média
|b n
|2 rdamedia
|
| 338 |
|
|
|a zväzok
|b nc
|2 rdacarrier
|
| 500 |
|
|
|a Obálkový podnázov: s nami sa dohovoríte
|
| 504 |
|
|
|a Register ; slovník
|
| 650 |
0 |
7 |
|a taliančina
|2 SNKPH
|9 1518
|
| 650 |
0 |
7 |
|a Italian language
|2 SNKPHeng
|9 329901
|
| 650 |
0 |
7 |
|a Conversation, terms and phrases
|2 SNKPHeng
|9 314419
|
| 650 |
0 |
7 |
|a konverzácia
|2 SNKPH
|9 49849
|
| 650 |
0 |
7 |
|a slovenčina
|2 SNKPH
|9 1350
|
| 650 |
0 |
7 |
|a Slovak language
|2 SNKPHeng
|9 266031
|
| 655 |
|
7 |
|a príručky
|2 SNKPH
|9 74364
|
| 655 |
|
7 |
|a Handbooks, manuals, etc.
|2 SNKPHeng
|9 90964
|
| 752 |
|
|
|a Slovensko
|d Bratislava
|
| 919 |
|
|
|a 978-80-8145-186-7
|
| 999 |
|
|
|c 595151
|d 597081
|
| 952 |
|
|
|a SNK
|b SNK
|y PREZ
|7 0
|p 17A1329678
|o snkSE 13529
|i snk2018/8921
|8 0
|0 0
|1 0
|4 0
|d 2018-04-19
|f 1
|l 0
|r 2026-02-23 15:36:39
|w 2026-02-23
|
| 952 |
|
|
|a SNK
|b SNK
|y VYP
|7 0
|p 17A1329679
|o snkSE 13529 D1
|i snk2018/8923
|8 0
|0 0
|1 0
|4 0
|d 2018-04-19
|l 0
|r 2026-02-23 15:36:39
|w 2026-02-23
|